000
00265nam a2200109Ia 4500
008
190216s9999||||xx |||||||||||||| ||und||
100
_a
Shukla S M
245
0
_a
Practical Problems In Advanced Accounts
260
_b
S Chand & Co
_c
1988
300
_a
1362p
942
_c
BK
999
_c
4214
_d
4214